Those shoes / (Record no. 4469)

MARC details
000 -LEADER
fixed length control field 01583cam a2200445 a 4500
001 - CONTROL NUMBER
control field 4469
003 - CONTROL NUMBER IDENTIFIER
control field FISKH
005 - DATE AND TIME OF LATEST TRANSACTION
control field 20240911141551.0
008 - FIXED-LENGTH DATA ELEMENTS--GENERAL INFORMATION
fixed length control field 061107s2007 maua b 000 1 eng
010 ## - LIBRARY OF CONGRESS CONTROL NUMBER
LC control number 2006051839
020 ## - INTERNATIONAL STANDARD BOOK NUMBER
International Standard Book Number 9780763624996
020 ## - INTERNATIONAL STANDARD BOOK NUMBER
International Standard Book Number 9780763642846
020 ## - INTERNATIONAL STANDARD BOOK NUMBER
International Standard Book Number 0763624993
020 ## - INTERNATIONAL STANDARD BOOK NUMBER
International Standard Book Number 9781428765542
020 ## - INTERNATIONAL STANDARD BOOK NUMBER
International Standard Book Number 1428765549
040 ## - CATALOGING SOURCE
Original cataloging agency DLC
Transcribing agency DLC
Modifying agency BKX
-- BTCTA
-- BAKER
-- IEF
-- DLC
Language of cataloging eng
050 ## - LIBRARY OF CONGRESS CALL NUMBER
Classification number PZ7.B635744
082 ## - DEWEY DECIMAL CLASSIFICATION NUMBER
Classification number 813.6
100 1# - MAIN ENTRY--PERSONAL NAME
Personal name Boelts, Maribeth,
Dates associated with a name 1964-
245 10 - TITLE STATEMENT
Title Those shoes /
Statement of responsibility, etc. Maribeth Boelts ; illustrated by Noah Z. Jones.
250 ## - EDITION STATEMENT
Edition statement First paperback edition 2009
260 ## - PUBLICATION, DISTRIBUTION, ETC.
Place of publication, distribution, etc. Massachusetts :
Name of publisher, distributor, etc. Candlewick Press,
Date of publication, distribution, etc. 2007
300 ## - PHYSICAL DESCRIPTION
Extent 332 unnumbered pages ;
Other physical details color illustrations ;
Dimensions 25 x​ ​26 cm
505 ## - FORMATTED CONTENTS NOTE
Formatted contents note M <br/>
520 ## - SUMMARY, ETC.
Summary, etc. Jeremy, who longs to have the black high tops that everyone at school seems to have but his grandmother cannot afford, is excited when he sees them for sale in a thrift shop and decides to buy them even though they are the wrong size.
521 8# - TARGET AUDIENCE NOTE
Target audience note 550<br/>
Source Lexile AD <br/>
521 8# - TARGET AUDIENCE NOTE
Target audience note M<br/>
Source Raz-plus <br/>
650 #0 - SUBJECT ADDED ENTRY--TOPICAL TERM
Topical term or geographic name entry element Shoes
Form subdivision Juvenile fiction.
650 #0 - SUBJECT ADDED ENTRY--TOPICAL TERM
Topical term or geographic name entry element Grandmothers
Form subdivision Juvenile fiction.
650 #0 - SUBJECT ADDED ENTRY--TOPICAL TERM
Topical term or geographic name entry element Poverty
Form subdivision Juvenile fiction.
650 #0 - SUBJECT ADDED ENTRY--TOPICAL TERM
Topical term or geographic name entry element Generosity
Form subdivision Juvenile fiction.
650 #1 - SUBJECT ADDED ENTRY--TOPICAL TERM
Topical term or geographic name entry element Shoes
Form subdivision Fiction.
650 #1 - SUBJECT ADDED ENTRY--TOPICAL TERM
Topical term or geographic name entry element Grandmothers
Form subdivision Fiction.
650 #1 - SUBJECT ADDED ENTRY--TOPICAL TERM
Topical term or geographic name entry element Poverty
Form subdivision Fiction.
650 #1 - SUBJECT ADDED ENTRY--TOPICAL TERM
Topical term or geographic name entry element Generosity
Form subdivision Fiction.
700 1# - ADDED ENTRY--PERSONAL NAME
Personal name Jones, Noah
Fuller form of name (Noah Z.),
Relator term illustrator
906 ## - LOCAL DATA ELEMENT F, LDF (RLIN)
a 7
b cbc
c orignew
d 1
e ocip
f 20
g y-gencatlg
942 ## - ADDED ENTRY ELEMENTS (KOHA)
Source of classification or shelving scheme Dewey Decimal Classification
Koha item type Books
Suppress in OPAC No
Holdings
Withdrawn status Lost status Source of classification or shelving scheme Damaged status Not for loan Collection Home library Current library Shelving location Date acquired Total Checkouts Full call number Barcode Date last seen Price effective from Koha item type
    Dewey Decimal Classification     Juvenile Fiction Footprints International School Library Network Toul Kork Campus Footprints International School Library Network Toul Kork Campus TK Primary Library Room(4th Floor), Bookcase 3&4, Shelves 17-32, Yellow Books 09/11/2024   BOE 813.6 PZ7.B635744 FISTK02421 09/11/2024 09/11/2024 Books